1614 1653 1960 1336 1705 1300 1892 1488 1316 1074 1799 1072 1533 1078 1091 1247 1071 1074 1681 1370 1681 1885 1344 1562 1757 1577 1653 1458 1834 1332 1089 1630 1480 1192 1113 1546 1233 1366 1803 1238 1564 1114 1464 1402 1109 1222 1315 1360 1556 1956 1115 1463 1933 1928 1757 1294 1981 1537 1981 1743 1675 1288 1818 1785 1201 1043 1242 1667 1336 1910 1760 1413 1612 1185 1891 1683 1895 1554 1620 1086 1079 1137 1637 1496 1398 1065 1610 1899 1429 1815 1012 1885 1469 1620 1778 1910 1837 1178 1852 BCNSPRNW ULIB Ver.6.0+V

เปลี่ยนเป็นภาษาไทย

Change to English
 แสดงรายละเอียดบรรณานุกรม
  กลับหน้าหลัก

Brief Record : Get Marc (ISO 2709) : E-mail record : QR code < ปิดหน้าต่าง
LEADER : 00000nam 2200000uu 4500
001    13399120296
003     ULIB
008    120918s2547||||th 000 0 tha d
020    ^a9749523636
060 04 ^aWY159^bป191ก 2547
100 0  ^aประกายแก้ว ประพฤติถ้อย
245 10 ^aการพยาบาลกุมารเวชศาสตร์ /^cประกายแก้ว ประพฤติถ้อย ;ผู้ปรับปรุง, กรองกาญจน์ ศิริภักดี
250    ^aพิมพ์ครั้งที่ 4
260    ^aนนทบุรี :^bโครงการส่งเสริมการแต่งตำรามหาวิทยาลัยสุโขทัยธรรมาธิราช,^c2547
300    ^a(13), 310 หน้า :^bภาพประกอบ ;^c26 ซม.
650  7 ^aการพยาบาลกุมารเวชศาสตร์
700 0  ^aกรองกาญจน์ ศิริภักดี,^eผู้ปรับปรุง
710 2  ^aมหาวิทยาลัยสุโขทัยธรรมาธิราช. ^bโครงการส่งเสริมการแต่งตำรา
945    ^p0^l0^i24014
945    ^p0^l0^i24368
995    ^aวิภา
999 ^a ใช้งานได้ทุกระบบ
รายการนี้ยังไม่มีแท็ก
คุณยังไม่ได้ล็อกอิน คุณสามารถมีกิจกรรมร่วมกับเว็บไซต์ได้ แต่ต้องล็อกอินก่อน ::
  ล็อกอิน

รายการสื่อสารสนเทศ

ลำดับที่ ประเภท เลขเรียก/บาร์โค้ด สถานที่ สถานะ
1. วิทยาศาสตร์การแพทย์ และสุขภาพ
วิทยาศาสตร์การแพทย์ และสุขภาพ
WY159 ป191ก 2547  
  Barcode: 24014
ห้องสมุดวิทยาเขตสวรรค์ประชารักษ์
►นวนิยาย
ถูกยืม กำหนดส่งวันที่ 11 พฤษภาคม 2558
  จอง
2. วิทยาศาสตร์การแพทย์ และสุขภาพ
วิทยาศาสตร์การแพทย์ และสุขภาพ
WY159 ป191ก 2547 ฉ.2 
  Barcode: 24368
ห้องสมุดวิทยาเขตสวรรค์ประชารักษ์
►นวนิยาย
ถูกยืม กำหนดส่งวันที่ 11 พฤษภาคม 2558
  จอง

รายการใกล้เคียง
    ผู้แต่ง [ประกายแก้ว ประพฤติถ้อย]

    หัวเรื่อง [การพยาบาลกุมารเวชศาสตร์]

BibComment


ยังไม่เคยถูกคอมเมนท์

คอมเมนท์ทรัพยากรรายการนี้
  คอมเมนท์: การพยาบาลกุมารเว..


 Copyright 2026. Bcnsprnw @Library